00655 2200229 4500001002100000005001700021008004100038020001800079035002500097040001200122082001000134084001800144100001700162245009700179260003100276300003000307650001200337700001600349700003000365850001200395990001800407INLIS00000000001881820160328091757.0  a979-672-756-0 a0010-031600000000828 aYOPDYOG a398.2 aK 398.2 Amo H aAMOS, Janine aHappyb: gembirac/ Janine Amos ; ilustrasi Gwen Green ; penerjemah Th. Endang Titik Lestari aYogyakartabKanisiusc2000 a32 hlm.b: ilus.c; 20 cm aDongeng aGreen, Gwen aEndang Titik Lestari, Th. aYOPDYOG a50990-PD/A.16